Soberana̕ nacional y lengua Constitucin̤ espaǫla y cooficialidad lingüs̕tica /

Detalles Bibliográficos
Autor principal: Barcia Lago, Modesto
Formato: eBook
Lenguaje:español
Publicado: Madrid: Dykinson, 2021
Materias:
Acceso en línea:Acceso restringido

MARC

LEADER 00000nam a22000007a 4500
005 20210520224746.0
007 cr|||| |||
008 210520s2021 es |||||s|||| 00||0 spa d
020 |a 978-84-1377-343-8 
035 |a 33714 
040 |a vLex 
090 |c 11753  |d 11753 
100 1 |a Barcia Lago, Modesto 
245 1 0 |a  Soberana̕ nacional y lengua  |h [Recurso electrn̤ico] :  |b Constitucin̤ espaǫla y cooficialidad lingüs̕tica /  |c Modesto Barcia Lago 
256 |a Servicio en ln̕ea 
260 |a Madrid:  |b Dykinson,  |c 2021 
300 |a 1 recurso electrn̤ico 
500 |a Aunque la presin̤ identitaria en algunas Comunidades Autn̤omas trata de imponer la ±inmersin̤ lingüs̕tica» en sus lenguas vernc̀ulas, especialmente en el campo educativo, desplazando en sus espacios territoriales el idioma espaǫl comn︢, la Constitucin̤ Espaǫla configura a la lengua castellana como lengua de la Soberana̕ Nacional, n︢ica e indivisible, que reside en el pueblo espaǫl, del que emanan todos los poderes del Estado, declarǹdola su lengua oficial y prescribiendo que todos los ciudadanos, que gozan de iguales derechos constitucionales con independencia de su vecindad, tienen el deber de conocerla y el derecho de utilizarla. As,̕ el estatuto constitucional del castellano se sobrepone a cualquier rǧimen de cooficialidad posible de las dems̀ lenguas, integrantes del patrimonio cultural espaǫl, que, de acuerdo con sus respectivos Estatutos, puedan establecer las Comunidades Autn̤omas. De modo que ±una exǧesis objetiva de la Constitucin̤ no permite equiparar las diversas lenguas oficiales ex statuto con el castellano, pues el modelo constitucional espaǫl es un bilingüismo jerarquizado y dicha regulacin̤ marca una neta superioridad del rango jurd̕ico del idioma castellano sobre las dems̀ lenguas territoriales», respecto de las que tampoco cabe imponer la obligatoriedad de su conocimiento; por eso, el idioma castellano es, ex constitutione, necesariamente la lengua vehicular de la relacin̤ de todas las Administraciones Pb︢licas con los ciudadanos y ninguna norma jurd̕ica o resolucin̤ administrativa, ni decisin̤ de autoridad, de cualquier clase o rango que sea, puede, directa o indirectamente, preterir o coartar, mucho menos excluir, su empleo. 
506 1 |a Disponible solo en los productos indicados  |d vLex Global  |d vLex Global (Academic Edition, excluding Law Schools)  |d vLex Global (U.S. Academic Edition, Law Schools)  |d vLex Global (U.S. Academic Edition, excluding Law Schools)  |d vLex Global (Academic Edition, Law Schools) 
650 0 4 |a Derecho Constitucional  |z Espaą 
740 0 |a vLex Libros (Servicio en ln̕ea) 
856 4 0 |u https://vlex.com/source/soberania-nacional-y-lengua-constitucion-espa-ola-y-cooficialidad-linguistica-33714  |z Acceso restringido 
942 |c BOOK 
999 0 |a Constitutional right